000 00483nam a2200145Ia 4500
003 OSt
005 20260121105624.0
008 211028s2014 xx 000 0 und d
040 _cAIMIT LIBRARY
041 _aeng
100 _aD Souza, Steevan; Amin, Venkatesh S.
_g1216138
_97248
245 _aStudy on the perception of readers of daijiworld weekly and to find the challenges faced during subscription renewal /
260 _aMangalore
_bVenkatesh S Amin
_c2014
942 _2ddc
_cPRO
999 _c218818
_d218818